[Event "1/64 Finale"]
[Site "www.chess-mail.com"]
[Date "2016.02.24"]
[Round "1"]
[White "Orhany24"]
[Black "Mrfunk"]
[WhiteElo "2060"]
[BlackElo "2009"]
[Result "0-1"]
[Round "1"]
1.e4 c5
2.Ng1f3 d6
3.d4 cxd4
4.Nf3xd4 Ng8f6
5.Bf1d3 Nb8c6
6.Nd4xc6 bxc6
7.c4 e5
8.Nb1c3 Bf8e7
9.O-O O-O
10.h3 Ra8b8
11.b3 Nf6d7
12.Nc3a4 Qd8c7
13.Bc1e3 Rf8d8
14.Qd1e2 Nd7f8
15.f4 Nf8e6
16.f5 Ne6f4
17.Be3xf4 exf4
18.Rf1xf4 Be7f6
19.Ra1f1 c5
20.Qe2h5 Qc7a5
21.g4 Qa5d2
22.g5 Bf6d4
23.Kh1 Qd2xd3
24.g6 fxg6
25.fxg6 Qd3xh3
26.Qh5xh3 Bc8xh3
27.gxh7 Kh8
{ resign }
0-1

[Event "1/128 Finale"]
[Site "www.chess-mail.com"]
[Date "2016.02.24"]
[Round "1"]
[White "Mitja"]
[Black "Paaliaq"]
[WhiteElo "1910"]
[BlackElo "1809"]
[Result "0-1"]
[Round "1"]
1.d4 Ng8f6
2.e3 d5
3.h3 Bc8f5
4.Ng1f3 e6
5.c3 c5
6.dxc5 Bf8xc5
7.Nb1d2 O-O
8.Nd2b3 Bc5d6
9.Nb3d4 Bf5e4
10.Bf1d3 Be4xd3
11.Qd1xd3 e5
{ resign }
0-1

[Event "Tourn. n8618"]
[Site "www.chess-mail.com"]
[Date "2016.02.25"]
[Round "1"]
[White "Mitja"]
[Black "Elogic"]
[WhiteElo "1860"]
[BlackElo "1860"]
[Result "1-0"]
[Round "1"]
1.d4 g6
2.e3 d5
3.h3 b6
4.c3 Ng8f6
5.Ng1f3 Nf6e4
6.Nb1d2 Ne4xd2
7.Qd1xd2 Nb8c6
8.Qd2c2 a6
9.Bf1e2 Bc8f5
10.Qc2d2 Bf5e4
11.Qd2d1 Qd8d6
12.Be2d3 Be4xd3
13.Qd1xd3 b5
14.b4 e5
15.dxe5 Nc6xe5
16.Nf3xe5 Qd6xe5
17.a3 Bf8g7
18.Bc1b2 O-O-O
19.a4 d4
20.cxd4 Qe5g5
21.O-O c6
22.Rf1c1 Rd8d6
23.axb5 axb5
24.Qd3e4 Kb7
25.Qe4f3 f5
26.Rc1c5 Rh8c8
27.Rc5xb5 Kc7
28.Ra1a7 Kd8
29.Rb5b7 Bg7f6
30.Rb7xh7 Rd6e6
31.d5 Re6d6
32.Rh7f7 Bf6e7
33.dxc6 Rd6xc6
34.Qf3d5 Ke8
35.Rf7h7 Rc6d6
36.Qd5f7 { resign }
1-0

[Event "Tourn. n8615"]
[Site "www.chess-mail.com"]
[Date "2016.02.25"]
[Round "1"]
[White "Badshahc"]
[Black "Faerieking"]
[WhiteElo "2150"]
[BlackElo "2180"]
[Result "0-1"]
[Round "1"]
1.d4 Ng8f6
2.c4 e6
3.a3 b6
4.Nb1c3 Bc8b7
5.f3 c5
6.e3 d5
7.cxd5 exd5
8.Qd1a4 Nb8d7
9.Bf1a6 Bb7xa6
10.Qa4xa6 Bf8e7
 { time }
0-1

[Event "Tourn. n8615"]
[Site "www.chess-mail.com"]
[Date "2016.02.25"]
[Round "1"]
[White "Badshahc"]
[Black "Maredocla"]
[WhiteElo "2150"]
[BlackElo "2040"]
[Result "0-1"]
[Round "1"]
1.a3 e5
2.d3 d5
3.Ng1f3 Nb8c6
4.g3 Bc8g4
5.Bf1g2 Ng8f6
6.Bc1g5 Bf8e7
7.Nb1d2 O-O
8.O-O h6
9.Bg5xf6 Be7xf6
 { time }
0-1

[Event "Tourn. n8507"]
[Site "www.chess-mail.com"]
[Date "2016.02.25"]
[Round "1"]
[White "Ericleo1980"]
[Black "Jpmartinez"]
[WhiteElo "2290"]
[BlackElo "2490"]
[Result "0-1"]
[Round "1"]
1.e4 c5
2.Ng1f3 Nb8c6
3.d4 cxd4
4.Nf3xd4 g6
5.Nb1c3 Bf8g7
6.Bc1e3 Ng8f6
7.Bf1c4 O-O
8.Bc4b3 d6
9.f3 Bc8d7
10.Qd1d2 Ra8c8
11.O-O-O Nc6xd4
12.Be3xd4 b5
13.g4 a5
14.a4 bxa4
15.Nc3xa4 Bd7xa4
16.Bb3xa4 Rc8c4
17.Ba4b3 Nf6xe4
18.Bd4xg7 Ne4xd2
19.Rd1xd2 Rc4xc2
20.Rd2xc2 Kxg7
21.h4 Qd8b6
22.Rc2c3 Rf8b8
23.Bb3c2 Qb6xb2
24.Kd2 Qb2b4
25.Rh1b1 Qb4d4
26.Rc3d3 Qd4f2
27.Kc1 Rb8c8
28.Rb1b2 Qf2e1
29.Rd3d1 Qe1e3
30.Kb1 Qe3xf3
{ resign }
0-1

[Event "Tourn. n8615"]
[Site "www.chess-mail.com"]
[Date "2016.02.25"]
[Round "1"]
[White "Tonino1"]
[Black "Badshahc"]
[WhiteElo "2110"]
[BlackElo "2150"]
[Result "1-0"]
[Round "1"]
1.d4 Ng8f6
2.Ng1f3 d6
3.e3 Bc8g4
4.Bf1d3 g6
5.b3 Bf8g7
6.Bc1b2 Nb8d7
7.O-O O-O
8.Nb1d2 e5
9.dxe5 Nd7xe5
10.Bd3e2  { time }
1-0

[Event "Tourn. n8478"]
[Site "www.chess-mail.com"]
[Date "2016.02.25"]
[Round "1"]
[White "Ericleo1980"]
[Black "Cathar"]
[WhiteElo "2280"]
[BlackElo "2320"]
[Result "1/2-1/2"]
[Round "1"]
1.d4 Ng8f6
2.c4 e6
3.Ng1f3 b6
4.a3 Bc8b7
5.Nb1c3 g6
6.Qd1c2 c5
7.dxc5 bxc5
8.e4 d6
9.Bc1g5 h6
10.Bg5h4 g5
11.Bh4g3 Nf6h5
12.Bf1e2 Nh5xg3
13.hxg3 Nb8c6
14.Ra1d1 Bf8g7
15.Nc3b5 Nc6d4
16.Nf3xd4 cxd4
17.Nb5xd4 Qd8b6
18.Nd4b5 Ra8d8
19.Be2f3 a6
20.Nb5c3 Ke7
21.g4 Rd8c8
22.Nc3a4 Qb6c7
23.b3 Qc7a5
24.b4 Qa5e5
25.O-O h5
26.g3 hxg4
27.Bf3g2 Bb7c6
28.c5 dxc5
29.Qc2xc5 Qe5xc5
30.Na4xc5 Rc8a8
31.Rd1d2 a5
32.Rf1b1 axb4
33.axb4 Bc6b5
34.Rb1d1 Ra8a1
35.Rd1xa1 Bg7xa1
36.Rd2a2 Ba1c3
37.Ra2a7 Kf6
38.Ra7b7 { draw }
1/2-1/2

[Event "Tourn. n8549"]
[Site "www.chess-mail.com"]
[Date "2016.02.25"]
[Round "1"]
[White "Sfalcao"]
[Black "Tonino1"]
[WhiteElo "2050"]
[BlackElo "2050"]
[Result "0-1"]
[Round "1"]
1.e4 c5
2.Ng1f3 d6
3.d4 cxd4
4.Nf3xd4 Ng8f6
5.Nb1c3 g6
6.Bc1e3 Bf8g7
7.f3 O-O
8.Qd1d2 Rf8e8
9.O-O-O Nb8c6
10.Bf1e2 Qd8a5
11.g4 Nc6xd4
12.Be3xd4 Bc8e6
13.a3 Ra8c8
14.h4 a6
15.h5 Rc8c7
16.hxg6 fxg6
17.Be2d3 b5
18.Qd2g5 Be6f7
19.Nc3d5 Bf7xd5
20.Bd4xf6 Bg7xf6
21.Qg5xd5 e6
22.Qd5xd6 Bf6xb2
23.Kxb2 Qa5c3
24.Kb1 a5
25.Qd6b6 b4
26.Qb6xa5 Re8b8
 { time }
0-1

[Event "Tourn. n8655"]
[Site "www.chess-mail.com"]
[Date "2016.02.25"]
[Round "1"]
[White "Bojan"]
[Black "Biggles"]
[WhiteElo "2020"]
[BlackElo "2070"]
[Result "0-1"]
[Round "1"]
1.c4 e5
2.a3 Ng8f6
3.d4 exd4
4.b4 c5
5.Bc1b2 Bf8e7
6.Qd1d3 Nb8c6
7.b5 Nc6e5
8.Qd3c2 O-O
9.e3 Ne5g6
10.exd4 d5
11.Ng1f3 Rf8e8
12.Bf1e2 b6
13.Nb1d2 cxd4
14.Bb2xd4 Bc8b7
15.a4 Be7b4
16.Kd1 Ng6f4
17.Be2f1 dxc4
18.Qc2xc4 Bb4a5
19.Ra1a3 Ra8c8
20.Bd4xf6 Bb7xf3
21.Ra3xf3 Qd8xd2

0-1

[Event "Tourn. n8629"]
[Site "www.chess-mail.com"]
[Date "2016.02.25"]
[Round "1"]
[White "Olddog55"]
[Black "Hansen"]
[WhiteElo "1570"]
[BlackElo "1550"]
[Result "1-0"]
[Round "1"]
1.d4 Nb8c6
2.Ng1f3 e6
3.e3 Ng8f6
4.c3 a6
5.Bf1d3 Nf6d5
6.O-O g5
7.e4 Nd5f6
8.Bc1xg5 d5
9.e5 Bf8e7
10.exf6 Be7xf6
11.Qd1d2 h6
12.Bg5xh6 Qd8d6
13.Nf3e5 Bf6xe5
14.dxe5 Qd6xe5
15.f4 Qe5h5
16.Bh6g5 Qh5xh2
17.Kf2 Rh8g8
18.Nb1a3 e5
19.Rf1h1 Qh2xh1
20.Ra1xh1 exf4
21.Qd2xf4 b5
22.Qf4xc7 Bc8d7
23.Rh1e1 Kf8
24.Bg5h6 Rg8g7
25.Qc7g3 { resign }
1-0

[Event "Tourn. n8601"]
[Site "www.chess-mail.com"]
[Date "2016.02.25"]
[Round "1"]
[White "Falcoale"]
[Black "Nugun"]
[WhiteElo "1750"]
[BlackElo "1700"]
[Result "0-1"]
[Round "1"]
1.e4 c6
2.d4 d5
3.exd5 cxd5
4.Ng1f3 Nb8c6
5.Bf1b5 Bc8g4
6.c3 Ng8f6
7.O-O e6
8.h3 Bg4f5
9.Nf3e5 Qd8c7
10.Nb1d2 Bf8d6
11.Ne5xc6 bxc6
12.Bb5a4 O-O
13.Nd2f3 Nf6e4
14.Ba4c2 Ra8e8
15.Rf1e1 e5
16.Nf3xe5 Bd6xe5
17.dxe5 Qc7b6
18.Qd1d4 c5
19.Qd4a4 c4
20.b4 Re8xe5
21.Bc1b2 Qb6xf2
22.Kh1 Bf5xh3
23.gxh3 Ne4g3

0-1

[Event "Tourn. n8579"]
[Site "www.chess-mail.com"]
[Date "2016.02.25"]
[Round "1"]
[White "Leeds"]
[Black "Attatroll"]
[WhiteElo "1810"]
[BlackElo "2000"]
[Result "1-0"]
[Round "1"]
1.c4 Ng8f6
2.Nb1c3 g6
3.d4 d5
4.Bc1f4 Bf8g7
5.e3 c6
6.Ng1f3 O-O
7.Bf1d3 Bc8g4
8.cxd5 Nf6xd5
9.Bf4g3 Nb8d7
10.Nc3xd5 cxd5
11.h3 Bg4e6
12.O-O Ra8c8
13.Ra1c1 Qd8b6
14.Qd1e2 Nd7f6
15.b3 Nf6h5
16.Bg3e5 Nh5f6
17.Qe2d2 Nf6e4
18.Qd2e2 Ne4c3
19.Qe2d2 Nc3e4
20.Bd3xe4 dxe4
21.Be5xg7 Kxg7
22.Nf3e5 f5
23.Rc1xc8 Rf8xc8
24.Rf1c1 h5
25.Rc1xc8 Be6xc8
26.Qd2c3 Bc8e6
27.d5 Qb6d6
28.dxe6 Kg8
29.Ne5f7 Qd6xe6
30.Nf7g5 Qe6d6
31.Qc3c4 Kg7
32.Qc4f7 Kh6
33.h4 { resign }
1-0

[Event "Tourn. n8562"]
[Site "www.chess-mail.com"]
[Date "2016.02.25"]
[Round "1"]
[White "Falcoale"]
[Black "Redabond"]
[WhiteElo "1670"]
[BlackElo "1610"]
[Result "1-0"]
[Round "1"]
1.e4 e5
2.Ng1f3 Nb8c6
3.d4 exd4
4.Nf3xd4 Nc6xd4
5.Qd1xd4 Ng8f6
6.Bf1c4 Qd8e7
7.O-O Qe7c5
8.Qd4xc5 Bf8xc5
9.Nb1c3 O-O
10.Nc3d5 Nf6xd5
11.Bc4xd5 d6
12.Kh1 Bc8e6
13.c3 Be6xd5
14.exd5 Rf8e8
15.b4 Bc5b6
16.c4 a6
17.Bc1b2 Re8e2
18.Bb2a3 Re2xf2
19.c5 Rf2xf1
20.Ra1xf1 dxc5
21.bxc5 Bb6a7
22.Rf1e1 Ra8d8
23.d6 cxd6
24.cxd6 Ba7b8
25.Re1d1 h6
26.d7 Bb8c7
27.g3 a5
28.Ba3e7 Rd8b8
29.d8Q Bc7xd8
30.Rd1xd8 Rb8xd8
31.Be7xd8 Kf8
32.Bd8xa5 Ke7
33.Kg2 Ke6
34.Kf3 f5
35.a3 g5
36.h3 Ke5
37.Ba5c7 Kf6
38.g4 f4
39.Ke4 b5
40.Bc7e5 Kf7
41.Kd5 f3
42.Be5d4 { resign }
1-0

[Event "Tourn. n8564"]
[Site "www.chess-mail.com"]
[Date "2016.02.25"]
[Round "1"]
[White "Jose"]
[Black "Conde7"]
[WhiteElo "2710"]
[BlackElo "2840"]
[Result "1/2-1/2"]
[Round "1"]
1.e4 c5
2.Ng1f3 d6
3.d4 cxd4
4.Nf3xd4 Ng8f6
5.Nb1c3 a6
6.Bc1e3 e5
7.Nd4b3 Bc8e6
8.f3 Bf8e7
9.Qd1d2 O-O
10.O-O-O Nb8d7
11.g4 b5
12.g5 b4
13.Nc3e2 Nf6e8
14.h4 a5
15.Kb1 a4
16.Nb3c1 Qd8b8
17.f4 exf4
18.Ne2xf4 Nd7e5
19.Nf4xe6 fxe6
20.Bf1h3 Ne8c7
21.Rh1f1 Qb8b7
22.Be3f4 Ne5c4
23.Qd2d3 Qb7a6
24.Rf1f3 Rf8f7
25.Rf3f1 Rf7f8
26.Bf4g3 Rf8b8
27.b3 Nc4a3
28.Kb2 Na3b5
29.Ka1 Qa6c6
30.Rd1d2 Ra8a6
31.Rd2f2 Rb8a8
32.Qd3f3 Qc6e8
33.Kb2 axb3
34.cxb3 Ra6c6
35.Nc1e2 Kh8
36.Qf3f7 Qe8d8
37.Rf2f3 Nb5c3
38.Ne2d4 Rc6c5
39.Rf1a1 Nc3b5
40.Nd4e2 e5
41.Bh3f5 Nb5a3
42.Ra1c1 Be7xg5
43.hxg5 Qd8xg5
44.Bg3f4 Qg5g2
45.Rf3g3 { draw }
1/2-1/2

[Event "Tourn. n8544"]
[Site "www.chess-mail.com"]
[Date "2016.02.25"]
[Round "1"]
[White "Crull"]
[Black "Caspito"]
[WhiteElo "1600"]
[BlackElo "1780"]
[Result "1-0"]
[Round "1"]
1.d4 Ng8f6
2.c4 c6
3.Ng1f3 d6
4.Nb1c3 g6
5.Bc1f4 Bf8g7
6.e3 O-O
7.Bf1d3 a6
8.O-O Bc8g4
9.h3 Bg4d7
10.Qd1b3 b6
11.Qb3c2 Qd8c8
12.Bf4g5 Bd7xh3
13.gxh3 Qc8xh3
14.Nf3h2 Nb8d7
15.Nc3e2 Qh3h5
16.Bg5f4 Nf6g4
17.Bf4g3 Nd7f6
18.Ne2f4 Qh5h6
19.Bd3e2 Qh6g5
20.Be2f3 Ng4xh2
21.Kxh2 Ra8c8
22.Nf4h3 Qg5a5
23.a3 b5
24.cxb5 cxb5
25.Qc2b3 Rc8c7
26.e4 Rf8c8
27.Nh3g5 Qa5b6
28.Qb3xf7 Kh8
29.Ng5e6 Nf6e8
30.Ne6xc7 Qb6xc7
31.Ra1c1 Qc7d8
32.Bf3g4 Rc8c7
33.Rc1d1 Ne8f6
34.Bg4f3 Qd8c8
35.e5 e6
36.Rd1c1 Nf6d7
37.Rc1xc7 Qc8xc7
38.Qf7xe6 dxe5
39.Bf3d5 Qc7d8
40.Rf1e1 Nd7f6
41.Re1xe5 a5
42.Bg3h4 Nf6g4
43.Qe6xg4 Bg7xe5
44.dxe5 Qd8xd5
45.Bh4f6 Kg8
46.Qg4c8 Kf7
47.Qc8c7 Ke6
48.Qc7e7 Kf5
49.Qe7xh7 Qd5d4
50.Qh7h3 { resign }
1-0

[Event "Tourn. n8603"]
[Site "www.chess-mail.com"]
[Date "2016.02.25"]
[Round "1"]
[White "Julian"]
[Black "Pariolinius"]
[WhiteElo "2020"]
[BlackElo "2010"]
[Result "1-0"]
[Round "1"]
1.e4 d6
2.d4 Ng8f6
3.Bf1d3 g6
4.f4 Bf8g7
5.c4 c6
6.Ng1f3 Nb8a6
7.Nb1c3 O-O
8.O-O Na6b4
9.Bd3e2 c5
10.d5 Bc8d7
11.a3 Nb4a6
12.Ra1b1 b6
13.b4 Rf8e8
14.e5 Nf6h5
15.Bc1e3 dxe5
16.fxe5 e6
17.g4 Nh5f6
18.exf6 Bg7xf6
19.Nc3e4 Bf6g7
20.d6 Bd7c6
21.Ne4g5 Na6b8
22.Be3f4 Nb8d7
23.Qd1e1 h6
24.Ng5xf7 Kxf7
25.Nf3e5 Nd7xe5
26.Bf4xe5 Kg8
27.Be5xg7 Kxg7
28.Qe1c3 Kh7
29.Rf1f7 { resign }
1-0

[Event "Tourn. n8640"]
[Site "www.chess-mail.com"]
[Date "2016.02.25"]
[Round "1"]
[White "Elogic"]
[Black "Tonino1"]
[WhiteElo "1820"]
[BlackElo "2120"]
[Result "0-1"]
[Round "1"]
1.d4 Ng8f6
2.c4 g6
3.e3 Bf8g7
4.Bf1d3 O-O
5.Nb1c3 d6
6.h3 e5
7.d5 Nf6d7
8.Ng1e2 f5
9.f4 e4
10.Bd3c2 Nb8a6
11.a3 Qd8e7
12.b4 c6
13.dxc6 bxc6
14.Bc2b3 Kh8
15.Bc1b2 Bc8b7
16.b5 Na6c7
17.Ra1a2 c5
18.a4 Ra8d8
19.a5 Rf8f7
20.a6 Bb7a8
21.h4 Nd7b6
22.Ne2g3 d5
23.cxd5 c4
24.Bb3c2 Nb6xd5
25.Nc3xd5 Rd8xd5
26.Bb2xg7 Kxg7
27.Qd1a1 Qe7f6
28.Qa1b1 Rd5xb5
29.Qb1d1 Qf6c3
30.Kf2 Rb5d5
31.Qd1c1 Rd5d2
32.Kg1 Qc3xe3
33.Kh2 Qe3xf4
34.Qc1b2 Kh6
35.Rh1f1 Qf4xh4
36.Kg1 Qh4xg3
{ resign }
0-1

[Event "Match"]
[Site "www.echecsemail.com"]
[Date "2016.02.25"]
[Round "1"]
[White "Paco"]
[Black "Knoxie"]
[WhiteElo "1970"]
[BlackElo "1499"]
[Result "1-0"]
[Round "1"]
1.e4 e5
2.Ng1f3 Nb8c6
3.Bf1c4 Bf8c5
4.d3 Nc6d4
5.Nf3g5 Ng8h6
6.c3 Nd4e6
7.Ng5xe6 dxe6
8.Bc1xh6 gxh6
9.b4 Bc5b6
10.Qd1h5 Qd8f6
11.O-O Rh8g8
12.a4 Rg8g5
13.Qh5e2  { time }
1-0

[Event "Match"]
[Site "www.echecsemail.com"]
[Date "2016.02.25"]
[Round "1"]
[White "Manolinex"]
[Black "Jacks"]
[WhiteElo "2860"]
[BlackElo "2860"]
[Result "1/2-1/2"]
[Round "1"]
1.e4 c6
2.Nb1c3 d5
3.d4 dxe4
4.Nc3xe4 Bc8f5
5.Ne4g3 Bf5g6
6.Ng1h3 e6
7.Nh3f4 Bf8d6
8.h4 Qd8c7
9.Nf4xg6 hxg6
10.Ng3e4 Bd6f4
11.Bc1xf4 Qc7xf4
12.Ne4g5 Nb8d7
13.g3 Qf4c7
14.Bf1g2 Nd7f6
15.c3 Ng8e7
16.Qd1e2 Ne7f5
17.Qe2c2 Nf5d6
18.O-O-O O-O-O
19.Kb1 Kb8
20.Rh1e1 Rh8e8
21.Bg2h3 Qc7b6
22.Bh3f1 Qb6c7
23.Bf1d3 Qc7b6
24.Ng5f3 Nf6g4
25.Qc2e2 Qb6c7
26.Re1h1 Re8h8
27.Rd1d2 Rh8e8
28.Rh1d1 Nd6f5
29.Nf3g5 Ng4f6
30.Qe2e5 Nf5d6
31.Qe5e1 Nd6f5
32.Bd3c2 Nf5d6
33.Qe1e5 Re8e7
34.Qe5e2 { draw }
1/2-1/2

[Event "Match"]
[Site "www.echecsemail.com"]
[Date "2016.02.25"]
[Round "1"]
[White "Sorren"]
[Black "Iko"]
[WhiteElo "1790"]
[BlackElo "1680"]
[Result "1-0"]
[Round "1"]
1.e4 e5
2.Ng1f3 Nb8c6
3.Bf1c4 g5
4.d4 f6
5.dxe5 Nc6xe5
6.Nf3xe5 fxe5
7.Qd1h5 Ke7
8.Bc1xg5 Ng8f6
9.Nb1c3 d6
10.Qh5f7 
1-0

[Event "Match"]
[Site "www.echecsemail.com"]
[Date "2016.02.25"]
[Round "1"]
[White "Genius7"]
[Black "Tartan"]
[WhiteElo "2150"]
[BlackElo "2380"]
[Result "0-1"]
[Round "1"]
1.c4 e6
2.Nb1c3 d5
3.cxd5 exd5
4.d4 c6
5.Ng1f3 Bf8d6
6.g3 Ng8f6
7.Bf1g2 O-O
8.O-O Rf8e8
9.a3 Nb8d7
10.b4 Nd7b6
11.Bc1g5 Qd8e7
12.e3 a5
13.bxa5 Ra8xa5
14.a4 h6
15.Bg5xf6 Qe7xf6
16.Qd1c2 Bc8f5
17.Qc2b3 Bd6c7
18.Rf1e1 Ra5a7
19.a5 Nb6c8
20.Qb3b4 Qf6e7
21.Qb4xe7 Nc8xe7
22.Re1b1 Bf5xb1
{ resign }
0-1

[Event "1/128 Finale"]
[Site "www.chess-mail.com"]
[Date "2016.02.25"]
[Round "1"]
[White "Jaroslavpech"]
[Black "Easychess"]
[WhiteElo "2020"]
[BlackElo "1600"]
[Result "1-0"]
[Round "1"]
1.e4 e5
2.Bf1c4 Ng8f6
3.d3 c6
4.Ng1f3 d5
5.Bc4b3 Nb8d7
6.O-O a5
7.exd5 Nf6xd5
8.d4 exd4
9.Bb3xd5 cxd5
10.Bc1g5 Bf8e7
11.Bg5xe7 Kxe7
12.Rf1e1 Kf8
13.Qd1xd4 Nd7f6
14.Nb1c3 Bc8e6
15.Nc3b5 Be6d7
16.Nb5d6 Bd7c6
17.Nd6f5 h6
18.Nf3e5 Qd8c7
19.Nf5xg7 Kxg7
20.Ne5g4 Qc7d6
21.Re1e3 h5
22.Ng4xf6 Qd6xf6
23.Re3g3 { resign }
1-0

[Event "1/32 Finale"]
[Site "www.chess-mail.com"]
[Date "2016.02.25"]
[Round "1"]
[White "Attatroll"]
[Black "Tomcapp"]
[WhiteElo "2040"]
[BlackElo "1550"]
[Result "1-0"]
[Round "1"]
1.d4 d5
2.c4 dxc4
3.Ng1f3 e6
4.e4 b5
5.a4 bxa4
6.Bf1xc4 Nb8c6
7.O-O a3
8.Nb1xa3 Bf8xa3
9.bxa3 Ng8f6
10.Rf1e1 Bc8d7
11.d5 exd5
12.exd5 Nc6e7
13.Nf3e5 O-O
14.Bc1g5 c6
15.d6 Ne7f5
16.Bg5xf6 Qd8xf6
17.Ne5xd7 Qf6g5
18.Nd7xf8 Nf5h4
19.g3 Nh4g6
20.Nf8xg6 hxg6
21.d7 Ra8d8
22.Re1e8 Rd8xe8
23.dxe8Q Kh7
24.Qe8xf7 { resign }
1-0

[Event "Eq:Equipo Juan Diaz-Slap Shot Mates : "]
[Site "www.chess-mail.com"]
[Date "2016.02.25"]
[Round "1"]
[White "Astigitana"]
[Black "Mustaphly"]
[WhiteElo "2300"]
[BlackElo "2740"]
[Result "0-1"]
[Round "1"]
1.d4 d5
2.c4 e6
3.Nb1c3 Ng8f6
4.cxd5 exd5
5.Bc1g5 c6
6.e3 Bf8e7
7.Bf1d3 Nb8d7
8.Qd1c2 O-O
9.Ng1f3 Rf8e8
10.O-O Nd7f8
11.Ra1b1 Nf8g6
12.Bg5xf6 Be7xf6
13.b4 Bc8g4
14.Nf3d2 Ra8c8
15.h3 Bg4e6
16.Rf1c1 Bf6e7
17.f4 Ng6f8
18.Nc3a4 Be7d6
19.Na4c5 Rc8c7
20.Nd2f3 Be6c8
21.Rc1e1 f6
22.a3 Rc7e7
23.Qc2d2 Nf8e6
24.Rb1c1 Ne6c7
 { time }
0-1

[Event "Eq:Equipo Juan Diaz-Slap Shot Mates : "]
[Site "www.chess-mail.com"]
[Date "2016.02.25"]
[Round "1"]
[White "Mustaphly"]
[Black "Astigitana"]
[WhiteElo "2740"]
[BlackElo "2300"]
[Result "1-0"]
[Round "1"]
1.d4 d5
2.Ng1f3 Ng8f6
3.c4 e6
4.Nb1c3 Bf8e7
5.Bc1g5 O-O
6.e3 h6
7.Bg5h4 b6
8.Bf1d3 Bc8b7
9.O-O Nb8d7
10.Qd1e2 c5
11.Rf1d1 Nf6e4
12.Bh4g3 cxd4
13.exd4 Ne4xg3
14.hxg3 Nd7f6
15.Nf3e5 Ra8c8
16.Ra1c1 dxc4
17.Bd3xc4 Nf6d5
18.Bc4xd5 Bb7xd5
19.Qe2a6 Be7d6
20.f4 Bd6b4
21.Nc3xd5 Rc8xc1
22.Rd1xc1 Qd8xd5
23.Qa6c4 Qd5e4
24.Kf2 Bb4d6
25.a4  { time }
1-0

[Event "Eq:Equipo Juan Diaz-Team USA : "]
[Site "www.chess-mail.com"]
[Date "2016.02.25"]
[Round "1"]
[White "Uji40"]
[Black "Ecijaajedrez"]
[WhiteElo "1950"]
[BlackElo "2530"]
[Result "1-0"]
[Round "1"]
1.e4 c5
2.Ng1f3 d6
3.d4 cxd4
4.Qd1xd4 Nb8c6
5.Qd4d1 Ng8f6
6.e5 dxe5
7.Qd1xd8 Kxd8
8.Nf3g5 Ke8
9.Bf1c4 e6
10.O-O h6
11.Ng5f3 e4
12.Nf3d2 Nc6d4
13.Nb1c3 e3
14.fxe3 Nd4xc2
15.Ra1b1 Nc2xe3
16.Bc4b5 Bc8d7
17.Bb5xd7 Kxd7
18.Rf1e1 Ne3d5
19.Nc3xd5 Nf6xd5
20.Nd2f3 Bf8b4
21.Bc1d2 Bb4xd2
22.Nf3xd2 Ra8c8
23.Nd2f3 Ke7
24.Re1e4 Nd5f6
25.Re4b4 Rc8c7
26.Rb1e1 Rh8d8
27.h3 b6
28.Re1e2 Nf6d5
29.Rb4d4 Nd5f6
30.Rd4a4 g5
31.g3 Nf6h5
32.Kg2 f5
33.Nf3d4 Nh5g7
34.Nd4b5 Rc7d7
35.Ra4xa7 Rd7xa7
36.Nb5xa7 Rd8a8
37.Na7c6 Kf6
38.Nc6b4 Ra8c8
39.Re2c2 Rc8xc2
40.Nb4xc2 Ke5
41.Kf3 Kd5
42.g4 f4
43.Nc2b4 Kd4
44.Nb4c6 Kd3
45.a4 Kc4
46.b4  { time }
1-0

[Event "Tourn. n8496"]
[Site "www.chess-mail.com"]
[Date "2016.02.26"]
[Round "1"]
[White "Falcoale"]
[Black "Kevinking"]
[WhiteElo "1900"]
[BlackElo "1819"]
[Result "1-0"]
[Round "1"]
1.e4 e6
2.Ng1f3 c5
3.b3 d5
4.exd5 Qd8xd5
5.Bf1c4 Qd5d8
6.O-O Ng8f6
7.Bc1b2 Bf8e7
8.Nb1c3 O-O
9.Rf1e1 Nb8c6
10.Nc3e2 a6
11.Ne2g3 b5
12.Bc4e2 Bc8b7
13.h3 Qd8c7
14.Ra1c1 Rf8d8
15.Be2d3 Ra8c8
16.Nf3g5 h6
17.Ng5f3 Rd8d7
18.Nf3e5 Nc6xe5
19.Bb2xe5 Qc7d8
20.Qd1e2 c4
21.bxc4 bxc4
22.Bd3xc4 Rd7xd2
23.Qe2f1 Be7c5
24.Re1e2 Rd2xe2
25.Qf1xe2 Qd8b6
26.Bc4d3 Bc5d4
27.Rc1b1 Qb6a7
28.Be5xd4 Qa7xd4
29.Rb1d1 Qd4a4
30.Rd1a1 Bb7c6
31.Bd3xa6 Rc8a8
32.Ba6c4 Bc6d5
33.Bc4xd5 Nf6xd5
34.Qe2d3 Ra8c8
35.Qd3b3 Qa4c4
36.Qb3xc4 Rc8xc4
37.a4 Rc4xc2
38.a5 Nd5b4
39.a6 Nb4xa6
40.Ra1xa6 Rc2c1
41.Kh2 Rc1c2
42.f3 { resign }
1-0

[Event "Tourn. n8606"]
[Site "www.chess-mail.com"]
[Date "2016.02.26"]
[Round "1"]
[White "Sontuozio"]
[Black "Cathar"]
[WhiteElo "2220"]
[BlackElo "2280"]
[Result "1-0"]
[Round "1"]
1.d4 e6
2.Ng1f3 Ng8f6
3.e3 g6
4.Bf1d3 Bf8g7
5.e4 d6
6.Bc1g5 h6
7.Bg5h4 g5
8.Bh4g3 Nf6h5
9.e5 Nh5xg3
10.hxg3 Nb8c6
11.c3 dxe5
12.Nf3xe5 Nc6xe5
13.dxe5 Bg7xe5
14.Qd1e2 Be5g7
15.Nb1d2 O-O
16.O-O-O Bc8d7
17.Nd2f3 Qd8e7
18.Nf3e5 Bd7a4
19.Rd1e1 Rf8d8
20.Ne5g4 { resign }
1-0

[Event "Tourn. n8615"]
[Site "www.chess-mail.com"]
[Date "2016.02.26"]
[Round "1"]
[White "Maredocla"]
[Black "Tonino1"]
[WhiteElo "2040"]
[BlackElo "2110"]
[Result "0-1"]
[Round "1"]
1.b3 Ng8f6
2.Bc1b2 g6
3.g4 Bf8g7
4.g5 Nf6h5
5.Bb2xg7 Nh5xg7
6.Bf1g2 d5
7.e3 O-O
8.Ng1f3 c5
9.O-O Nb8c6
10.Nb1c3 e5
11.d3 Bc8g4
12.h4 Ng7f5
13.e4 Bg4xf3
14.Bg2xf3 Nf5xh4
15.Kh2 Qd8xg5
16.Rf1g1 Qg5f4
17.Rg1g3 Nc6d4
18.Nc3xd5 Nh4xf3
19.Kg2 Nf3h4
20.Kf1 Qf4h6
21.Rg3h3 g5
22.Qd1g4 f5
23.Nd5e7 Kh8
24.Ne7xf5 Nd4xf5
25.exf5 Qh6f6
26.Rh3e3 Nh4xf5
27.Re3f3 Nf5e3
28.fxe3 Qf6xf3
29.Qg4xf3 Rf8xf3
30.Ke2 Ra8f8
31.Ra1g1 Rf3f2
32.Kd1 Rf2f1
33.Rg1xf1 Rf8xf1
{ resign }
0-1

[Event "Tourn. n8597"]
[Site "www.chess-mail.com"]
[Date "2016.02.26"]
[Round "1"]
[White "Leeds"]
[Black "Francesco"]
[WhiteElo "1880"]
[BlackElo "1960"]
[Result "1/2-1/2"]
[Round "1"]
1.d4 Ng8f6
2.c4 g6
3.g3 d5
4.cxd5 Qd8xd5
5.Ng1f3 Bf8g7
6.Bf1g2 O-O
7.O-O Nb8c6
8.Nb1c3 Qd5d8
9.e3 Bc8g4
10.h3 Bg4f5
11.a3 a6
12.Qd1e2 Ra8c8
13.b4 Qd8d7
14.Kh2 Nf6e4
15.Nc3xe4 Bf5xe4
16.Bc1b2 e6
17.Ra1c1 Rf8d8
18.Rf1d1 Be4d5
19.Rc1c5 Bg7f8
20.Rc5c1 Bf8g7
{ draw }
1/2-1/2

[Event "Tourn. n8568"]
[Site "www.chess-mail.com"]
[Date "2016.02.26"]
[Round "1"]
[White "Gatrooper"]
[Black "Falcoale"]
[WhiteElo "1640"]
[BlackElo "1670"]
[Result "0-1"]
[Round "1"]
1.e4 c5
2.c4 e6
3.d3 b6
4.Bf1e2 Bc8b7
5.Ng1f3 Ng8f6
6.h3 Bf8e7
7.Nb1c3 O-O
8.a3 Nb8c6
9.Bc1g5 h6
10.Bg5xf6 Be7xf6
11.Nc3b5 Bf6xb2
12.Ra1b1 Bb2f6
13.e5 Bf6e7
14.Qd1c2 f6
15.exf6 Rf8xf6
16.g4 a6
17.Nb5c3 Rf6xf3
18.Be2xf3 Ra8b8
19.Bf3xc6 Bb7xc6
20.Rh1g1 d5
21.cxd5 exd5
22.h4 Be7xh4
23.g5 Bh4xg5
24.Kf1 Qd8d7
25.Qc2e2 Rb8e8
26.Qe2h5 d4
27.Nc3e2 Qd7f5
28.Rb1b2 Re8f8
29.Ne2g3 Qf5xd3
30.Rb2e2 Bg5e3
31.Qh5g4 Bc6b5
32.Kg2 Bb5c6
33.Kh2 Be3xf2
34.Rg1d1 Qd3xd1
35.Qg4e6 Kh8
36.Kh3 Bf2e3
37.Qe6e7 Rf8g8
38.Re2h2 Qd1f3
39.a4 Be3f4
40.Qe7h4 Bc6d7
41.Qh4g4 Bd7xg4
42.Kh4 Bf4g5
{ resign }
0-1

[Event "Tourn. n8577"]
[Site "www.chess-mail.com"]
[Date "2016.02.26"]
[Round "1"]
[White "Cathar"]
[Black "Numanoid"]
[WhiteElo "2280"]
[BlackElo "2470"]
[Result "1/2-1/2"]
[Round "1"]
1.e4 d6
2.d4 Ng8f6
3.Nb1c3 e5
4.Ng1f3 Nb8d7
5.Bf1c4 Bf8e7
6.a4 c6
7.O-O O-O
8.h3 Nf6xe4
9.Nc3xe4 d5
10.Bc4d3 dxe4
11.Bd3xe4 Nd7f6
12.Qd1d3 Nf6xe4
13.Qd3xe4 exd4
14.Qe4xd4 Bc8f5
15.c3 Qd8xd4
16.Nf3xd4 Bf5g6
17.Bc1e3 Rf8e8
18.a5 a6
19.Rf1c1 Be7f8
20.Nd4b3 Ra8d8
21.Ra1a4 Rd8d5
22.c4 Rd5d3
23.Nb3c5 Bf8xc5
24.Be3xc5 Rd3b3
25.Bc5d4 h6
{ draw }
1/2-1/2

[Event "Tourn. n8612"]
[Site "www.chess-mail.com"]
[Date "2016.02.26"]
[Round "1"]
[White "Iko"]
[Black "0o0o0"]
[WhiteElo "1650"]
[BlackElo "1880"]
[Result "0-1"]
[Round "1"]
1.e4 c5
2.c4 Nb8c6
3.Nb1c3 Ng8f6
4.Ng1f3 d6
5.Bf1d3 g6
6.O-O Bf8g7
7.b3 Bc8g4
8.h3 Bg4d7
9.Rf1e1 Nf6h5
10.g4 Nh5f4
11.Re1e3 e6
12.Kh2 h5
13.gxh5 Rh8xh5
14.Bc1a3 Rh5xh3
15.Kg1 Nc6d4
16.Nf3h2 e5
17.Ba3b2 Qd8g5
18.Re3g3 Rh3xg3
19.fxg3 Qg5xg3
20.Kh1 Qg3g2

0-1

[Event "Tourn. n8525"]
[Site "www.chess-mail.com"]
[Date "2016.02.26"]
[Round "1"]
[White "Dimos40"]
[Black "Norlavuaram"]
[WhiteElo "2159"]
[BlackElo "2180"]
[Result "1-0"]
[Round "1"]
1.e4 e5
2.Ng1f3 Nb8c6
3.d4 exd4
4.Nf3xd4 Bf8c5
5.Nd4xc6 Qd8f6
6.Qd1f3 dxc6
7.Nb1c3 Qf6xf3
8.gxf3 Ng8f6
9.Rh1g1 O-O
10.Bc1e3 Bc5xe3
11.fxe3 Bc8e6
12.Bf1d3 Kh8
13.O-O-O Ra8d8
14.Rd1d2 Nf6d7
15.Rg1d1 Nd7e5
16.Bd3e2 Rd8xd2
17.Rd1xd2 Ne5c4
18.Be2xc4 Be6xc4
19.Nc3e2 Bc4xe2
20.Rd2xe2 Rf8d8
21.Re2d2 Rd8xd2
22.Kxd2 Kg8
23.Kd3 Kf8
24.Kd4 Ke7
25.e5 Ke6
26.Ke4 f5
27.exf6 gxf6
28.Kf4 c5
29.Kg4 Kf7
30.Kf5 c6
31.e4 b5
32.f4 a5
33.c3 c4
34.e5 fxe5
35.Kxe5 Ke7
36.f5 b4
37.a3 bxa3
38.bxa3 a4
39.Kd4 Kf6
40.Kxc4 Kxf5
41.Kb4 h5
42.Kxa4 Kg4
43.Kb4 Kh3
44.a4 Kxh2
45.a5 Kg1
46.a6 h4
47.a7 h3
48.a8Q h2
49.Qa8xc6 h1Q
50.Qc6xh1 { resign }
1-0